Positivismo y antipositivismo en la argentina /

Guardado en:
Autor Principal: Perelstein, Berta
Formato: Libro
Publicado: Buenos Aires : Procyon, 1952
Materias:
Etiquetas: Agregar Etiqueta
Sin Etiquetas, Sea el primero en etiquetar este registro!
LEADER 00536nam a22001695a 4500
001 EHU.bham044665
003 AR-BHAM
005 20170427113830.0
008 130507s1952##################000#0#####d
082 1 4 |a 146.482 
100 1 |a Perelstein, Berta 
245 1 0 |a Positivismo y antipositivismo en la argentina /  |c  Berta Perelstein 
260 |a Buenos Aires :  |b  Procyon,  |c 1952 
300 |a 181 p. 
653 |a Positivismo argentino 
653 |a Filosofía argentina-positivismo 
859 |a AR-BHAM  |b BIB. HUMANIDADES - General  |h 146.482  |i P414  |p 77.17  |t Ej.1